| 000 | 01012nam a22003137a 4500 | ||
|---|---|---|---|
| 003 | CHAP | ||
| 005 | 20220329143806.0 | ||
| 008 | 110823s1970 mx r 00010 spa d | ||
| 010 | _a101903 | ||
| 011 | _a102875 | ||
| 035 | _a113564 | ||
| 040 | _cCHAP | ||
| 082 | 0 | 4 |
_a863 _bB21 1970 |
| 100 | 1 |
_aBaltazar Pérez, José. _99778 |
|
| 245 | 1 | 1 |
_a[Ocho] años entre salvajes : _bnovela histórica yucateca _c/por José Baltazar Pérez |
| 250 | _a3 ed. | ||
| 260 |
_aMérida, Yuc. : _bDistribuidora de Libros Yucatecos, _c1970 |
||
| 300 | _a226 p. | ||
| 590 |
_aBATCH-UPD _b10 _c20130110 _lUCH01 _h1923 |
||
| 590 |
_aBATCH-UPD _b10 _c20130410 _lUCH01 _h1248 |
||
| 590 |
_aBATCH-UPD _b10 _c20130914 _lUCH01 _h0529 |
||
| 590 |
_aCONVERSION _b10 _c20130109 _lUCH01 _h1356 |
||
| 650 | 1 | 4 |
_aLecturas y narraciones. _965519 |
| 650 | 1 | 4 |
_aLiteratura mexicana. _967138 |
| 650 | 1 | 4 |
_aNovela histórica. _982021 |
| 901 | _aBK | ||
| 942 | _cLIBRO | ||
| 949 |
_a863 B21 1970 _bBC _cLIBRO _d33724002301033 _eLIBRO _h115656 _i113564 _sb |
||
| 999 |
_c101903 _d101903 |
||